000 00820nam a2200229Ia 4500
005 20240530110949.0
008 140319s2007 xx 000 0 ara d
040 _aGCL /
_cGCL
082 0 4 _a923.1 /
_bب ج
100 1 _aبرنسون ؛ جاك
245 1 0 _aجورج واشنطن مؤسس امريكا /
_cتاليف برنسون ، جاك ؛ تحليل هشام خضر
250 _aالاولى
260 _aالقاهرة :
_bمكتبة النافذة،
_c2007
300 _a96 ص ؛
_c24 سم
490 _aشخصيات اثرت فى التاريخ
650 0 4 _aالتراجم
650 0 4 _aجورج واشنطن
650 0 4 _aالولايات المتحدة الامريكية
700 _aهشام خضر
_eتحليل
942 _2ddc
_cBK
999 _c66961
_d66961